000 00389nam a22001457a 4500
003 OSt
005 20150930151108.0
008 150930b xxu||||| |||| 00| 0 eng d
040 _cRUA
082 _aAGR អ៊ីវ 1992 B002 Or.1
100 _91614
_aអ៊ីវ, សុផល
245 _aដំណាំចេកនៅកម្ពុជា
300 _a57P.
_c29cm.
942 _2ddc
_cAGR
999 _c1522
_d1522